Welcome to University of Cape Coast Library, Online Public Access Catalogue (OPAC)

Les confessions ; (Record no. 54523)

MARC details
000 -LEADER
fixed length control field 02324cam a2200541 a 4500
001 - CONTROL NUMBER
control field 210862
003 - CONTROL NUMBER IDENTIFIER
control field OSt
005 - DATE AND TIME OF LATEST TRANSACTION
control field 20260618154339.0
008 - FIXED-LENGTH DATA ELEMENTS--GENERAL INFORMATION
fixed length control field 990113s1998 fr a b 001 0bfre d
010 ## - LIBRARY OF CONGRESS CONTROL NUMBER
LC control number 99161610
020 ## - INTERNATIONAL STANDARD BOOK NUMBER
International Standard Book Number 2070114120
020 ## - INTERNATIONAL STANDARD BOOK NUMBER
International Standard Book Number 9782070114122
035 ## - SYSTEM CONTROL NUMBER
System control number 210862
035 ## - SYSTEM CONTROL NUMBER
System control number (DLC) 99161610
035 ## - SYSTEM CONTROL NUMBER
System control number (OCoLC)40449261
040 ## - CATALOGING SOURCE
Original cataloging agency MNU
Transcribing agency MNU
Modifying agency DLC
041 1# - LANGUAGE CODE
Language code of text/sound track or separate title fre
Language code of original lat
042 ## - AUTHENTICATION CODE
Authentication code lccopycat
043 ## - GEOGRAPHIC AREA CODE
Geographic area code f-ae---
050 00 - LIBRARY OF CONGRESS CALL NUMBER
Classification number BR65
082 00 - DEWEY DECIMAL CLASSIFICATION NUMBER
Classification number 270.2/092
-- B
Edition number 21
100 0# - MAIN ENTRY--PERSONAL NAME
Personal name ROUSSEAU, JEAN-JACQUES
Titles and words associated with a name of Hippo, Saint,
Dates associated with a name 354-430.
9 (RLIN) 57380
240 10 - UNIFORM TITLE
Uniform title Works.
Form subheading Selections.
Language of a work French
245 14 - TITLE STATEMENT
Title Les confessions ;
Remainder of title précédées de Dialogues philosophiques /
Statement of responsibility, etc. Saint Augustin ; édition publiée sous la direction de Lucien Jerphagnon avec, pour ce volume, la collaboration de Sophie Astic ... [et al.]
246 18 - VARYING FORM OF TITLE
Title proper/short title Confessions, Dialogues philosophiques
260 ## - PUBLICATION, DISTRIBUTION, ETC.
Place of publication, distribution, etc. Paris :
Name of publisher, distributor, etc. Gallimard,
Date of publication, distribution, etc. 1998.
300 ## - PHYSICAL DESCRIPTION
Extent xxxiv, 1520 p. :
Other physical details ill. ;
Dimensions 18 cm.
336 ## - CONTENT TYPE
Content type term text
Content type code txt
Source rdacontent
337 ## - MEDIA TYPE
Media type term unmediated
Media type code n
Source rdamedia
338 ## - CARRIER TYPE
Carrier type term volume
Carrier type code nc
Source rdacarrier
440 #0 - SERIES STATEMENT/ADDED ENTRY--TITLE
Title Bibliothèque de la Pléiade
9 (RLIN) 57381
490 1# - SERIES STATEMENT
Series statement Œuvres / Saint Augustine ;
Volume/sequential designation 1
500 ## - GENERAL NOTE
General note Contains translations into French of Confessiones, De ordine, De musica, De immortalitate animae, and other works of Augustine.
504 ## - BIBLIOGRAPHY, ETC. NOTE
Bibliography, etc. note Includes bibliographical references (p. [1451]-1455) and index.
600 00 - SUBJECT ADDED ENTRY--PERSONAL NAME
Personal name Augustine,
Titles and other words associated with a name of Hippo, Saint,
Dates associated with a name 354-430.
9 (RLIN) 23477
610 20 - SUBJECT ADDED ENTRY--CORPORATE NAME
Corporate name or jurisdiction name as entry element Catholic Church
Geographic subdivision Algeria
-- Hippo (Extinct city)
Form subdivision Bishops
-- Biography.
9 (RLIN) 57382
650 #0 - SUBJECT ADDED ENTRY--TOPICAL TERM
Topical term or geographic name entry element Christian saints
Geographic subdivision Algeria
-- Hippo (Extinct city)
Form subdivision Biography.
9 (RLIN) 57383
651 #0 - SUBJECT ADDED ENTRY--GEOGRAPHIC NAME
Geographic name Hippo (Extinct city)
Form subdivision Biography.
9 (RLIN) 57384
655 #7 - INDEX TERM--GENRE/FORM
Genre/form data or focus term Biographies.
Source of term lcgft
Authority record control number or standard number https://id.loc.gov/authorities/genreForms/gf2014026049
9 (RLIN) 321
700 1# - ADDED ENTRY--PERSONAL NAME
Personal name Astic, Sophie.
9 (RLIN) 57385
700 1# - ADDED ENTRY--PERSONAL NAME
Personal name Jerphagnon, Lucien,
Dates associated with a name 1921-2011.
9 (RLIN) 57386
700 02 - ADDED ENTRY--PERSONAL NAME
Personal name Augustine,
Titles and other words associated with a name of Hippo, Saint,
Dates associated with a name 354-430.
Title of a work Confessiones.
Language of a work French.
9 (RLIN) 57387
800 0# - SERIES ADDED ENTRY--PERSONAL NAME
Personal name Augustine,
Titles and other words associated with a name of Hippo, Saint,
Dates associated with a name 354-430.
Title of a work Works.
Language of a work French.
Date of a work 1998 ;
Volume/sequential designation 1.
9 (RLIN) 57388
906 ## - LOCAL DATA ELEMENT F, LDF (RLIN)
a 7
b cbc
c copycat
d 2
e ncip
f 19
g y-gencatlg
942 ## - ADDED ENTRY ELEMENTS (KOHA)
Source of classification or shelving scheme Library of Congress Classification
Koha item type Books

No items available.

Koha©2022 UCC.All Right Reserved.Site Developed by Sam Jonah Library IT Team
<Home | Contact | Library publications |Research Tools | Research Guides |https://ucclivechat.library-gh.net/index.php/chat

If you have questions or concern please contact the Library.



PMB, University of Cape Coast

KOHA HOME